000
00283nam a22001217a 4500
008
170530b xxu||||| |||| 00| 0 eng d
041
_a
eng
080
_a
94(100)
100
_a
17
101
_a
shh
245
_a
REVOLUTIONS OF 1848: A SOCIAL HISTORY
_c
ROBERTSON, P
942
_2
udc
_c
BK
999
_c
14993
_d
14993